Alle Filme mit Til Schweiger - Statistiken

Allgemein
  • Dieses Quiz wurde 22 mal gespielt
  • Das Durchschnittsergebnis liegt bei 8 aus 62
Antwortstatistiken
Jahr Film % Korrekt
2009 Zweiohrküken
81%
1991 Manta Manta
76%
2007 Keinohrhasen
71%
2014 Honig im Kopf
67%
2023 Manta Manta – Zwoter Teil
62%
2011 Kokowääh
48%
1994 Der bewegte Mann
33%
2009 Inglourious Basterds
33%
2018 Klassentreffen 1.0
33%
2013 Kokowääh 2
33%
2005 Barfuss
24%
1998 Der Eisbär
24%
2004 (T)Raumschiff Surprise – Periode 1
24%
2020 Die Hochzeit
14%
2018 Hot Dog
14%
2009 Männerherzen
14%
2011 Männerherzen … und die ganz ganz große Liebe
14%
2006 Wo ist Fred?
14%
2008 1½ Ritter – Auf der Suche nach der hinreißenden Herzelinde
10%
2023 Das Beste kommt noch!
10%
2022 Lieber Kurt
10%
2012 Schutzengel
10%
2016 Tschiller: Off Duty
10%
2016 Vier gegen die Bank
10%
2021 Die Rettung der uns bekannten Welt
5%
2001 Driven
5%
2008 Far Cry
5%
2004 King Arthur
5%
2003 Lara Croft: Tomb Raider – Die Wiege des Lebens
5%
1996 Männerpension
5%
2006 One Way
5%
2009 Phantomschmerz
5%
2024 The Ministry of Ungentlemanly Warfare
5%
1998 The Replacement Killers – Die Ersatzkiller
5%
2016 Unsere Zeit ist jetzt
5%
2001 Was tun, wenn’s brennt?
5%
1997 Bastard – Willkommen im Paradies
0%
1995 Bunte Hunde
0%
2006 Bye Bye Harry!
0%
2016 Conni & Co
0%
2012 Das gibt Ärger
0%
2007 Der Bodyguard – Für das Leben des Feindes
0%
1999 Der große Bagarozy
0%
2008 Der Rote Baron
0%
2005 Deuce Bigalow: European Gigolo
0%
2004 Die Daltons gegen Lucky Luke
0%
2011 Die drei Musketiere
0%
1993 Ebbies Bluff
0%
2020 Gott, du kannst ein Arsch sein!
0%
2011 Happy New Year
0%
2001 Investigating Sex
0%
2000 Jetzt oder nie – Zeit ist Geld
0%
1998 Judas Kiss
0%
2013 Keinohrhase und Zweiohrküken
0%
2013 Lang lebe Charlie Countryman
0%
2000 Magicians
0%
2022 Medieval
0%
2006 Oh, wie schön ist Panama
0%
1998 Punk!
0%
2007 Rache – Vergeltung hat ihren Preis
0%
2012 The Courier
0%
2004 U-Boat
0%
Keine übereinstimmenden Quizze gefunden
Verteilung der Resultate
Anzahl Personen mit jedem Resultat
Perzentil nach korrekt beantworteten Fragen
Ihre Resultats-Entwicklung
Sie haben dieses Quiz noch nicht gespielt